DESIS DIVIDED : (Record no. 150617)

MARC details
000 -LEADER
fixed length control field 00651nam a22001937a 4500
005 - DATE AND TIME OF LATEST TRANSACTION
control field 20180328143258.0
010 ## - LCCN (DPL NO)
LC control number ENG-122444
020 ## - INTERNATIONAL STANDARD BOOK NUMBER
International Standard Book Number 9789352804689
Terms of availability 895.00
035 ## - SYSTEM CONTROL NUMBER
System control number EN-105976
037 ## - SOURCE OF ACQUISITION
Source of stock number/acquisition DBAD/PUB
082 ## - DEWEY DECIMAL CLASSIFICATION NUMBER
Classification number 305.8914073
100 ## - MAIN ENTRY--PERSONAL NAME
Personal name Mishra,Sangay K.
245 ## - TITLE STATEMENT
Title DESIS DIVIDED :
Statement of responsibility, etc by Sangay K. Mishara
Remainder of title The political lives of south asian americans /
260 ## - PUBLICATION, DISTRIBUTION, ETC. (IMPRINT)
Date of publication, distribution, etc 2018
Place of publication, distribution, etc New Delhi
Name of publisher, distributor, etc SAGE Publications
270 ## - ADDRESS
Address B1/I-1Mohan Cooperative Industrial Area,Mathura Road,
City New Delhi
Postal code 110044
Electronic mail address www.sagepub.in
300 ## - PHYSICAL DESCRIPTION
Dimensions 22cm(Hb)
Extent 285p.
500 ## - GENERAL NOTE
General note in Includes index
942 ## - ADDED ENTRY ELEMENTS (KOHA)
Item type English Books
Source of classification or shelving scheme Dewey Decimal Classification
Call number suffix MIS
Classification part 305.8914073
Holdings
Withdrawn status Lost status Not for loan Collection code Home library Current library Date acquired Source of acquisition Cost, normal purchase price Full call number Barcode Copy number Cost, replacement price Koha item type
    Not For Loan Non-fiction D.B.Act.Division Central Library 28/03/2018 DBAD/PUB 895.00 305.8914073 MIS EN-105976 1 895.00 English Books

© Delhi Public Library
Hit Counter
free hit counter